Estudio de prefactibilidad del proyecto de instalación de una planta productora de aceite de mani
El presente trabajo de investigación está orientado a contribuir con el cumplimiento de este objetivo a través de la formulación de un estudio de prefactibilidad para la instalación de una planta productora de aceite de maní para la exportación y el cumplimiento de las exigencias y requerimie...
| Main Authors: | , |
|---|---|
| Other Authors: | |
| Format: | Tesis Section = Libro |
| Language: | Undetermined Spanish |
| Published: |
Managua
UNI
2022
|
| Subjects: |
| LEADER | 01366nam a2200301Ia 4500 | ||
|---|---|---|---|
| 008 | 240830s9999 xx 000 0 und d | ||
| 040 | |a BIBLIOTECA-RUSB/ Mon 658.11 M539 | ||
| 041 | |a spa | ||
| 082 | |a Mon 658.11 M539 | ||
| 100 | 1 | |a Mendoza Méndez, Delvis José | |
| 100 | 1 | |b Urbina Acevedo, Francisco Javier | |
| 245 | 1 | 0 | |a Estudio de prefactibilidad del proyecto de instalación de una planta productora de aceite de mani |
| 260 | |a Managua |b UNI |c 2022 | ||
| 300 | |a 106 p. :il. | ||
| 500 | |a Contiene: anexos y CD. | ||
| 502 | |a Tesis (Ingeniero Químico) - UNI, 2022. | ||
| 520 | 3 | |a El presente trabajo de investigación está orientado a contribuir con el cumplimiento de este objetivo a través de la formulación de un estudio de prefactibilidad para la instalación de una planta productora de aceite de maní para la exportación y el cumplimiento de las exigencias y requerimientos de calidad de este producto para el exigente mercado alemán. | |
| 650 | 7 | |a EMPRESAS-PROYECTOS | |
| 650 | 7 | |b ESTUDIOS DE FACTIBILIDAD | |
| 650 | 7 | |c ESTUDIO DE MERCADO | |
| 650 | 7 | |d ESTUDIO FINANCIERO | |
| 650 | 7 | |e EVALUACION DE IMPACTO AMBIENTAL | |
| 650 | 7 | |f ACEITE DE MANI-INDUSTRIA Y COMERCIO | |
| 650 | 7 | |g PRODUCTOS AGRICOLAS-NICARAGUA | |
| 700 | 1 | |a Tutor: |b Alvarez García, Sergio Enrique | |
| 942 | |c BK |2 ddc | ||
| 991 | |a TESIS | ||
| 999 | |c 22273 | ||